Statistics for Every Oscar-Nominated Supporting Actor (with films)

Click here to take the quiz!

General Stats

  • This quiz has been taken 1,829 times
    (286 since last reset)
  • The average score is 213 of 440

Answer Stats

YearFilmActor% Correct
2024OppenheimerRobert Downey Jr.
96%
2009Tropic ThunderRobert Downey Jr.
96%
2024BarbieRyan Gosling
95%
199612 MonkeysBrad Pitt
94%
2020Once Upon a Time in HollywoodBrad Pitt
94%
2024Killers of the Flower MoonRobert De Niro
93%
1975The Godfather Part IIRobert De Niro
93%
2013Silver Linings PlaybookRobert De Niro
93%
2020A Beautiful Day in the NeighborhoodTom Hanks
92%
1973The GodfatherAl Pacino
91%
2020The IrishmanAl Pacino
91%
1991Dick TracyAl Pacino
91%
1993Glengarry Glen RossAl Pacino
91%
1994What's Eating Gilbert GrapeLeonardo DiCaprio
89%
2009The Dark KnightHeath Ledger
88%
1995Pulp FictionSamuel L. Jackson
88%
2014American HustleBradley Cooper
87%
2011The FighterChristian Bale
87%
2016The Big ShortChristian Bale
87%
2020The IrishmanJoe Pesci
87%
1981Raging BullJoe Pesci
87%
1991GoodfellasJoe Pesci
87%
2010InvictusMatt Damon
87%
2013Django UnchainedChristoph Waltz
86%
2010Inglourious BasterdsChristoph Waltz
86%
1984Terms of EndearmentJack Nicholson
86%
1970Easy RiderJack Nicholson
86%
1993A Few Good MenJack Nicholson
86%
1982RedsJack Nicholson
86%
2017MoonlightMahershala Ali
86%
2019Green BookMahershala Ali
86%
1988Street SmartMorgan Freeman
86%
2005Million Dollar BabyMorgan Freeman
86%
1998Good Will HuntingRobin Williams
86%
2008The Assassination of Jesse James by the Coward Robert FordCasey Affleck
84%
2015FoxcatcherMark Ruffalo
84%
2011The Kids Are All RightMark Ruffalo
84%
2024Poor ThingsMark Ruffalo
84%
2016SpotlightMark Ruffalo
84%
2008Charlie Wilson's WarPhilip Seymour Hoffman
84%
2009DoubtPhilip Seymour Hoffman
84%
2013The MasterPhilip Seymour Hoffman
84%
2003AdaptationChris Cooper
83%
2001GladiatorJoaquin Phoenix
83%
2000MagnoliaTom Cruise
83%
1998AmistadAnthony Hopkins
82%
2020The Two PopesAnthony Hopkins
82%
2016CreedSylvester Stallone
82%
2008No Country for Old MenJavier Bardem
81%
2000The Cider House RulesMichael Caine
81%
1987Hannah and Her SistersMichael Caine
81%
2013LincolnTommy Lee Jones
81%
1992JFKTommy Lee Jones
81%
1994The FugitiveTommy Lee Jones
81%
2006SyrianaGeorge Clooney
80%
1996The Usual SuspectsKevin Spacey
80%
2018The Florida ProjectWillem Dafoe
80%
1987PlatoonWillem Dafoe
80%
2001Shadow of the VampireWillem Dafoe
80%
1997ShineArmin Mueller-Stahl
79%
1990GloryDenzel Washington
79%
1988Cry FreedomDenzel Washington
79%
1999The Truman ShowEd Harris
79%
1996Apollo 13Ed Harris
79%
2003The HoursEd Harris
79%
1989Running on EmptyRiver Phoenix
79%
1997Jerry MaguireCuba Gooding Jr.
78%
1993UnforgivenGene Hackman
78%
1971I Never Sang for My FatherGene Hackman
78%
1968Bonnie and ClydeGene Hackman
78%
2015WhiplashJ.K. Simmons
78%
2022Being the RicardosJ.K. Simmons
78%
2000The Talented Mr. RipleyJude Law
78%
2006Brokeback MountainJake Gyllenhaal
77%
1999A Civil ActionRobert Duvall
77%
1973The GodfatherRobert Duvall
77%
1980Apocalypse NowRobert Duvall
77%
2015The JudgeRobert Duvall
77%
2007DreamgirlsEddie Murphy
76%
2005CollateralJamie Foxx
76%
2012MoneyballJonah Hill
76%
2014The Wolf of Wall StreetJonah Hill
76%
2004Mystic RiverTim Robbins
76%
2013ArgoAlan Arkin
75%
2007Little Miss SunshineAlan Arkin
75%
1979The Deer HunterChristopher Walken
75%
2003Catch Me If You CanChristopher Walken
75%
1999Shakespeare in LoveGeoffrey Rush
75%
2011The King's SpeechGeoffrey Rush
75%
2014Dallas Buyers ClubJared Leto
75%
1997Primal FearEdward Norton
74%
2015BirdmanEdward Norton
74%
2002The Lord of the Rings: The Fellowship of the RingIan McKellen
74%
2003Road to PerditionPaul Newman
74%
1994Schindler's ListRalph Fiennes
74%
1988The UntouchablesSean Connery
74%
1989Little DorritAlec Guinness
73%
1978Star WarsAlec Guinness
73%
2001TrafficBenicio del Toro
73%
200421 GramsBenicio del Toro
73%
2023The Banshees of InisherinBrendan Gleeson
73%
2018All the Money in the WorldChristopher Plummer
73%
2012BeginnersChristopher Plummer
73%
2010The Last StationChristopher Plummer
73%
2015BoyhoodEthan Hawke
72%
2002Training DayEthan Hawke
72%
1962The HustlerJackie Gleason
72%
2001The ContenderJeff Bridges
72%
2017Hell or High WaterJeff Bridges
72%
1975Thunderbolt and LightfootJeff Bridges
72%
1972The Last Picture ShowJeff Bridges
72%
2019BlacKkKlansmanAdam Driver
71%
2002Sexy BeastBen Kingsley
71%
1992BugsyBen Kingsley
71%
2018Three Billboards Outside Ebbing, MissouriSam Rockwell
71%
2019ViceSam Rockwell
71%
2021Judas and the Black MessiahDaniel Kaluuya
70%
2023Everything Everywhere All at OnceKe Huy Quan
69%
1989A Fish Called WandaKevin Kline
69%
1991The Godfather Part IIIAndy Garcia
68%
2007The DepartedMark Wahlberg
68%
2001Erin BrockovichAlbert Finney
67%
1956Mister RobertsJack Lemmon
66%
1979Midnight ExpressJohn Hurt
66%
2016The RevenantTom Hardy
66%
2006A History of ViolenceWilliam Hurt
66%
1998Boogie NightsBurt Reynolds
65%
1954ShaneJack Palance
65%
1992City SlickersJack Palance
65%
1953Sudden FearJack Palance
65%
2012My Week with MarilynKenneth Branagh
64%
2000The Sixth SenseHaley Joel Osment
63%
1990Crimes and MisdemeanorsMartin Landau
63%
1989Tucker: The Man and His DreamMartin Landau
63%
1995Ed WoodMartin Landau
63%
2002AliJon Voight
62%
2021The Trial of the Chicago 7Sacha Baron Cohen
62%
2018Three Billboards Outside Ebbing, MissouriWoody Harrelson
62%
2010The MessengerWoody Harrelson
62%
1983An Officer and a GentlemanLouis Gossett Jr.
61%
1964HudMelvyn Douglas
61%
1980Being ThereMelvyn Douglas
61%
2006Cinderella ManPaul Giamatti
61%
1990A Dry White SeasonMarlon Brando
60%
1997FargoWilliam H. Macy
60%
2023The Banshees of InisherinBarry Keoghan
59%
1990Driving Miss DaisyDan Aykroyd
59%
1973The GodfatherJames Caan
59%
2022The Power of the DogJesse Plemons
59%
1977Marathon ManLaurence Olivier
59%
1977NetworkNed Beatty
59%
1995Forrest GumpGary Sinise
58%
1977All the President's MenJason Robards
58%
1978JuliaJason Robards
58%
1981Melvin and HowardJason Robards
58%
1982ArthurJohn Gielgud
58%
1965BecketJohn Gielgud
58%
2016Bridge of SpiesMark Rylance
58%
201412 Years a SlaveMichael Fassbender
58%
2019Can You Ever Forgive Me?Richard E. Grant
58%
2010The Lovely BonesStanley Tucci
58%
1967The Fortune CookieWalter Matthau
58%
1986CocoonDon Ameche
57%
1954From Here to EternityFrank Sinatra
56%
1998As Good as It GetsGreg Kinnear
56%
2019A Star Is BornSam Elliott
56%
1959Teacher's PetGig Young
55%
1970They Shoot Horses, Don't They?Gig Young
55%
1952Come Fill the CupGig Young
55%
2009MilkJosh Brolin
55%
2023The FabelmansJudd Hirsch
55%
1981Ordinary PeopleJudd Hirsch
55%
2000The Green MileMichael Clarke Duncan
55%
1977RockyBurt Young
54%
2002IrisJim Broadbent
54%
2012WarriorNick Nolte
54%
1985The Karate KidPat Morita
54%
2024American FictionSterling K. Brown
54%
1972The Last Picture ShowBen Johnson
53%
1942The Devil and Miss JonesCharles Coburn
53%
1944The More the MerrierCharles Coburn
53%
1947The Green YearsCharles Coburn
53%
2017LionDev Patel
53%
1969Oliver!Jack Wild
53%
1999AfflictionJames Coburn
53%
2011The TownJeremy Renner
53%
2003ChicagoJohn C. Reilly
53%
2004The Last SamuraiKen Watanabe
53%
2006CrashMatt Dillon
53%
1938TopperRoland Young
53%
2005SidewaysThomas Haden Church
53%
2005The AviatorAlan Alda
52%
1988Broadcast NewsAlbert Brooks
52%
2004In AmericaDjimon Hounsou
52%
2007Blood DiamondDjimon Hounsou
52%
2012Extremely Loud & Incredibly CloseMax von Sydow
52%
1963Lawrence of ArabiaOmar Sharif
52%
1978EquusPeter Firth
52%
1981Ordinary PeopleTimothy Hutton
52%
1987PlatoonTom Berenger
52%
2004The CoolerAlec Baldwin
51%
2022BelfastCiarán Hinds
51%
1969The ProducersGene Wilder
51%
1994In the Line of FireJohn Malkovich
51%
1985Places in the HeartJohn Malkovich
51%
1975The Towering InfernoFred Astaire
50%
2018The Shape of WaterRichard Jenkins
50%
1957Lust for LifeAnthony Quinn
49%
1953Viva Zapata!Athony Quinn
49%
1990Do the Right ThingDanny Aiello
49%
1976The Sunshine BoysGeorge Burns
49%
1964The CardinalJohn Huston
49%
1949The Treasure of the Sierra MadreWalter Huston
49%
1943Yankee Doodle DandyWalter Huston
49%
1977RockyBurgess Meredith
48%
1976The Day of the LocustBurgess Meredith
48%
2022The Power of the DogKodi Smit-McPhee
48%
1939KentuckyWalter Brennan
48%
1937Come and Get ItWalter Brennan
48%
1942Sergeant YorkWalter Brennan
48%
1941The WesternerWalter Brennan
48%
1958Peyton PlaceArthur Kennedy
47%
1950ChampionArthur Kennedy
47%
1956TrialArthur Kennedy
47%
1959Some Came RunningArthur Kennedy
47%
2005CloserClive Owen
47%
1968Cool Hand LukeGeorge Kennedy
47%
2022CODATroy Kotsur
47%
2021One Night in Miami...Leslie Odom Jr.
46%
1999A Simple PlanBilly Bob Thornton
45%
1986Runaway TrainEric Roberts
45%
1965The Best ManLee Tracy
45%
2017Nocturnal AnimalsMichael Shannon
45%
2009Revolutionary RoadMichael Shannon
45%
1961SpartacusPeter Ustinov
45%
1965TopkapiPeter Ustinov
45%
1952Quo VadisPeter Ustinov
45%
2008Michael ClaytonTom Wilkinson
45%
1973CabaretJoel Grey
44%
1983The World According to GarpJohn Lithgow
44%
1984Terms of EndearmentJohn Lithgow
44%
2023CausewayBrian Tyree Henry
43%
1991Dances with WolvesGraham Greene
43%
1985The Killing FieldsHaing S. Ngor
43%
1967Georgy GirlJames Mason
43%
1983The VerdictJames Mason
43%
1997Ghosts of MississippiJames Woods
43%
1980Kramer vs. KramerJustin Henry
43%
1952A Streetcar Named DesireKarl Malden
43%
1955On the WaterfrontKarl Malden
43%
2017Manchester by the SeaLucas Hedges
43%
1953My Cousin RachelRichard Burton
43%
1976One Flew Over the Cuckoo's NestBrad Dourif
42%
1987HoosiersDennis Hopper
42%
1996BabeJames Cromwell
42%
1972The French ConnectionRoy Scheider
42%
1992BugsyHarvey Keitel
41%
1996Rob RoyTim Roth
41%
1962The HustlerGeorge C. Scott
40%
1960Anatomy of a MurderGeorge C. Scott
40%
1998Jackie BrownRobert Forster
40%
2014Captain PhillipsBarkhad Abdi
39%
1942Here Comes Mr. JordanJames Gleason
39%
1993The Crying GameJaye Davidson
39%
1980The Black StallionMickey Rooney
39%
1957The Bold and the BraveMickey Rooney
39%
1979Coming HomeBruce Dern
38%
2008Into the WildHal Holbrook
38%
1947The Best Years of Our LivesHarold Russell
38%
2021Judas and the Black MessiahLakeith Stanfield
38%
1978JuliaMaximilian Schell
38%
1962Judgment at NurembergMontgomery Clift
38%
1970Bob & Carol & Ted & AliceElliott Gould
37%
2011Winter's BoneJohn Hawkes
37%
1955On the WaterfrontRod Steiger
37%
1971Ryan's DaughterJohn Mills
36%
1966A Thousand ClownsMartin Balsam
36%
1995Quiz ShowPaul Scofield
36%
1994In the Name of the FatherPete Postlethwaite
36%
1945Going My WayBarry Fitzgerald
35%
1957Bus StopDon Murray
35%
1954Roman HolidayEddie Albert
35%
1973The Heartbreak KidEddie Albert
35%
1982Chariots of FireIan Holm
35%
2007Little ChildrenJackie Earle Haley
35%
1967A Man for All SeasonsRobert Shaw
35%
1962West Side StoryGeorge Chakiris
34%
1964Tom JonesHugh Griffith
34%
1960Ben-HurHugh Griffith
34%
1979Heaven Can WaitJack Warden
34%
1976ShampooJack Warden
34%
1991Longtime CompanionBruce Davison
33%
1984To Be or Not to BeCharles Durning
33%
1983The Best Little Whorehouse in TexasCharles Durning
33%
1951All About EveGeorge Sanders
33%
1969The Subject Was RosesJack Albertson
33%
2021Sound of MetalPaul Raci
33%
1985Greystoke: The Legend of Tarzan, Lord of the ApesRalph Richardson
33%
1950The HeiressRalph Richardson
33%
1959The Big CountryBurl Ives
32%
1995Bullets over BroadwayChazz Palminteri
32%
1961The AlamoChill Wills
32%
1974The Paper ChaseJohn Houseman
32%
1976Dog Day AfternoonChris Sarandon
31%
1951Mister 880Edmund Gwenn
31%
1948Miracle on 34th StreetEdmund Gwenn
31%
1974The ExorcistJason Miller
31%
1975The Godfather Part IIMichael V. Gazzo
31%
1986Jagged EdgeRobert Loggia
31%
1940StagecoachThomas Mitchell
31%
1938The HurricaneThomas Mitchell
31%
1966Doctor ZhivagoTom Courtenay
31%
1974Bang the Drum SlowlyVincent Gardenia
31%
1988MoonstruckVincent Gardenia
31%
1967Who's Afraid of Virginia Woolf?George Segal
30%
1939Four DaughtersJohn Garfield
30%
1959The Brothers KaramazovLee J. Cobb
30%
1955On the WaterfrontLee J. Cobb
30%
1974The Last DetailRandy Quaid
30%
1963Birdman of AlcatrazTelly Savalas
30%
1963Sweet Bird of YouthEd Begley
29%
1958SayonaraRed Buttons
29%
1983Victor/VictoriaRobert Preston
29%
1961ExodusSal Mineo
29%
1956Rebel Without a CauseSal Mineo
29%
1984The Right StuffSam Shepard
29%
1971Little Big ManChief Dan George
28%
1965Seven Days in MayEdmond O'Brien
28%
1955The Barefoot ContessaEdmond O'Brien
28%
1968The Dirty DozenJohn Cassavetes
28%
1986Out of AfricaKlaus Maria Brandauer
28%
1975The Godfather Part IILee Strasberg
28%
1957Friendly PersuasionAnthony Perkins
27%
1942How Green Was My ValleyDonald Crisp
27%
1949Joan of ArcJosé Ferrer
27%
1946The Story of G.I. JoeRobert Mitchum
27%
1950Twelve O'Clock HighDean Jagger
26%
1938The Life of Emile ZolaJoseph Schildkraut
26%
1978The Turning PointMikhail Baryshnikov
26%
1948CrossfireRobert Ryan
26%
1947NotoriousClaude Rains
25%
1945Mr. SkeffingtonClaude Rains
25%
1940Mr. Smith Goes to WashingtonClaude Rains
25%
1944CasablancaClaude Rains
25%
1946A Tree Grows in BrooklynJames Dunn
25%
1966Ship of FoolsMichael Dunn
25%
1992Barton FinkMichael Lerner
25%
1961Murder, Inc.Peter Falk
25%
1962Pocketful of MiraclesPeter Falk
25%
1979Comes a HorsemanRichard Farnsworth
25%
1943Johnny EagerVan Heflin
25%
1987A Room With a ViewDenholm Elliott
24%
1980The RoseFrederic Forrest
24%
1989Married to the MobDean Stockwell
23%
1945The Seventh CrossHume Cronyn
23%
1968Bonnie and ClydeMichael J. Pollard
23%
1981The Great SantiniMichael O'Keefe
23%
1963Billy BuddTerence Stamp
23%
1993Mr. Saturday NightDavid Paymer
22%
1970Anne of the Thousand DaysAnthony Quayle
21%
1951Sunset BoulevardErich von Stroheim
21%
1940Mr. Smith Goes to WashingtonHarry Carey
21%
1982RagtimeHoward Rollins
21%
1982Only When I LaughJames Coco
21%
1964Twilight of HonorNick Adams
21%
1948Kiss of DeathRichard Widmark
21%
1985A Soldier's StoryAdolph Caesar
20%
1950BattlegroundJames Whitmore
20%
1967The Sand PebblesMako
20%
1984Cross CreekRip Torn
20%
1960The Young PhiladelphiansRobert Vaughn
20%
1958The Bridge on the River KwaiSessue Hayakawa
20%
1942The Maltese FalconSydney Greenstreet
20%
1963What Ever Happened to Baby Jane?Victor Buono
20%
1958A Farewell to ArmsVittorio De Sica
20%
1953The Quiet ManVictor McLaglen
19%
1964Captain Newman, M.D.Bobby Darin
18%
1945LauraClifton Webb
18%
1947The Razor's EdgeClifton Webb
18%
1943Tortilla FlatFrank Morgan
18%
1957Written on the WindRobert Stack
18%
1958Peyton PlaceRuss Tamblyn
18%
1986Prizzi's HonorWilliam Hickey
18%
1960The Diary of Anne FrankEd Wynn
17%
1938Lost HorizonH.B. Warner
17%
1938The Awful TruthRalph Bellamy
17%
1969FacesSeymour Cassel
17%
1956PicnicArthur O'Connell
16%
1960Anatomy of a MurderArthur O'Connell
16%
1968Guess Who's Coming to DinnerCecil Kellaway
16%
1949The Luck of the IrishCecil Kellaway
16%
1948The Farmer's DaughterCharles Bickford
16%
1949Johnny BelindaCharles Bickford
16%
1944The Song of BernadetteCharles Bickford
16%
1951Broken ArrowJeff Chandler
16%
1952Death of a SalesmanKevin McCarthy
16%
1972Fiddler on the RoofLeonard Frey
16%
1954ShaneBrandon deWilde
15%
1966OthelloFrank Finlay
15%
1943Mrs. MiniverHenry Travers
15%
1961The ApartmentJack Kruschen
15%
1950All the King's MenJohn Ireland
15%
1965My Fair LadyStanley Holloway
15%
1959The Defiant OnesTheodore Bikel
15%
1937The General Died at DawnAkim Tamiroff
14%
1944For Whom the Bell TollsAkim Tamiroff
14%
1937Romeo and JulietBasil Rathbone
14%
1939If I Were KingBasil Rathbone
14%
1940JuarezBrian Aherne
14%
1969Star!Daniel Massey
14%
1952Quo VadisLeo Genn
14%
1946SpellboundMichael Chekhov
14%
1972Sometimes a Great NotionRichard Jaeckel
14%
1971Lovers and Other StrangersRichard S. Castellano
14%
1966The Flight of the PhoenixIan Bannen
13%
1974Save the TigerJack Gilford
13%
1941The Great DictatorJack Oakie
13%
1941The LetterJames Stephenson
13%
1946The Corn Is GreenJohn Dall
13%
1971Love StoryJohn Marley
13%
1939Marie AntoinetteRobert Morley
13%
1954Stalag 17Robert Strauss
13%
1951The Asphalt JungleSam Jaffe
13%
1948Ride the Pink HorseThomas Gomez
13%
1943Wake IslandWilliam Bendix
13%
1956MartyJoe Mantell
12%
1937My Man GodfreyMischa Auer
12%
1945Since You Went AwayMonty Woolley
12%
1949I Remember MamaOskar Homolka
12%
1955The Caine MutinyTom Tully
12%
1941Foreign CorrespondentAlbert Bassermann
11%
1940Beau GesteBrian Donlevy
11%
1939AlgiersGene Lockhart
11%
1946A Medal for BennyJ. Carrol Naish
11%
1944SaharaJ. Carrol Naish
11%
1970The ReiversRupert Crosse
11%
1937Pigskin ParadeStuart Erwin
11%
1947The Jolson StoryWilliam Demarest
11%
1941They Knew What They WantedWilliam Gargan
11%
1953The Big SkyArthur Hunnicutt
10%

Score Distribution

Percentile by Number Answered

Percent of People with Each Score

Your Score History

You have not taken this quiz since the last reset